Statistics for Geographic Groups of Five #1

Click here to take the quiz!

General Stats

  • This quiz has been taken 62,308 times
    (21,428 since last reset)
  • The average score is 32 of 45

Answer Stats

Group Answer % Correct
Australian cities with a population over 1 millionSydney
96%
U.S. states on the Pacific OceanCalifornia
95%
African countries of the MediterraneanEgypt
94%
African countries of the MediterraneanMorocco
93%
U.S. states on the Pacific OceanWashington
92%
African countries of the MediterraneanAlgeria
91%
Longest rivers in the U.S.Mississippi
91%
African countries of the MediterraneanLibya
91%
African countries of the MediterraneanTunisia
89%
U.S. states on the Pacific OceanOregon
87%
U.S. states on the Pacific OceanHawaii
87%
U.S. states on the Pacific OceanAlaska
86%
Largest Mediterranean islandsSicily
86%
Largest Mediterranean islandsCyprus
85%
Australian cities with a population over 1 millionMelbourne
85%
Multiple-time Summer Olympics host citiesLondon
84%
Main circles of latitudeEquator
84%
Australian cities with a population over 1 millionPerth
83%
Main circles of latitudeTropic of Cancer
82%
Main circles of latitudeTropic of Capricorn
81%
Multiple-time Summer Olympics host citiesParis
74%
Major islands of IndonesiaJava
73%
Multiple-time Summer Olympics host citiesLos Angeles
70%
Multiple-time Summer Olympics host citiesAthens
70%
Main circles of latitudeArctic Circle
69%
Largest Mediterranean islandsCrete
69%
Largest Mediterranean islandsSardinia
68%
Main circles of latitudeAntarctic Circle
67%
Longest rivers in the U.S.Missouri
66%
One syllable country namesChad
65%
Australian cities with a population over 1 millionBrisbane
65%
Largest Mediterranean islandsCorsica
64%
Multiple-time Summer Olympics host citiesTokyo
64%
One syllable country namesLaos
63%
Longest rivers in the U.S.Colorado
63%
One syllable country namesSpain
62%
Australian cities with a population over 1 millionAdelaide
59%
One syllable country namesFrance
59%
Major islands of IndonesiaBorneo
57%
Major islands of IndonesiaSumatra
52%
One syllable country namesGreece
49%
Longest rivers in the U.S.Rio Grande
41%
Major islands of IndonesiaSulawesi
31%
Major islands of IndonesiaNew Guinea
30%
Longest rivers in the U.S.Arkansas
22%

Score Distribution

Percentile by Number Answered

Percent of People with Each Score

Your Score History

You have not taken this quiz since the last reset